000 01410nam a2200313 i 4500
001 16956
003 ES-MaACL
005 20250821092328.0
007 t|
008 001127s1957 sp ||||1| spa d
080 _a73 Serrano, Pablo (064.3)
100 1 _aSerrano, Pablo,
_d1908-1985
_9237823
245 1 0 _aPablo Serrano
_b: escultor a dos vertientes : [exposición, Sala de Santa Catalina del Ateneo de Madrid, 8-31 de enero de 1957] /
_c[texto de] Enrique Lafuente Ferrari.
260 _aMadrid :
_bAteneo,
_c1957.
300 _a[32] p. :
_bprincipalmente il. n. ;
_c22 cm.
490 1 _aCuadernos de arte. Colección ordinaria ;
_v14
600 1 4 _aSerrano, Pablo,
_d1908-1985-
_vExposiciones
_9105711
610 2 4 _aAteneo de Madrid-
_vExposiciones-
_y1950-1959
_91919
610 2 _aAteneo de Madrid-
_vObras digitalizadas.
_91930
655 7 _2tgfbne
_9193628
_aCatálogos de exposiciones
700 1 _aLafuente Ferrari, Enrique,
_d1898-1985
_969538
710 2 _aAteneo de Madrid.
_bSala de Santa Catalina.
_91964
830 0 _aCuadernos de arte. Colección ordinaria
_v14
_9180064
852 _aES-MaACL
_j2159-F-13
_cDEPOF
_zRevisado enlace: 24 de Abril de 2025
852 _aES-MaACL
_j2189-F-8
_cDEPOF
_zRevisado enlace: 24 de Abril de 2025
856 4 _uhttp://www.ateneodemadrid.com/biblioteca_digital/folletos/CACo-014.pdf
_yVer documento
942 _2udc
999 _c16956
_d16956